| 000 | 00548 a2200181 4500 | ||
|---|---|---|---|
| 003 | OSt | ||
| 005 | 20231011122353.0 | ||
| 008 | 160830b xxu||||| |||| 00| 0 eng d | ||
| 020 | _a0 | ||
| 040 | _c0 | ||
| 082 |
_a650.142 _bSHE |
||
| 100 |
_aWASIMA SHEHZAD _946239 |
||
| 245 |
_aORGANIZING CURRICULUM VITAE: _bSCIENTIST AS COMMUNICATOR AND PRESENTER (SERIES) _cWASIMA SHEHZAD |
||
| 260 |
_aNUST Pakistan _bNUST Publication _c2000 |
||
| 300 |
_a65 p. _bPB |
||
| 440 |
_aORGANIZING CURRICULUM VITAE _9118472 |
||
| 942 |
_aNBS _cBK _k121.3 SHE 2000 _2ddc |
||
| 999 |
_c343128 _d343128 |
||